Betón 2005 zborník prednášok z celoštátnej konferencie s medzinárodnou účasťou : 12. 10.-14. 10. 2005, Štrbské Pleso

Bibliographic Details
Corporate Author: Betón Štrbské Pleso, Slovensko
Format: Conference Proceeding Book
Language:Slovak
Czech
English
PhysicalDescription:174 s. grafy, fotogr., sch., tab. 21 cm
Published: V Košiciach Technická univerzita 2005
ISBN:8080733473 (brož.)
Edition:[1. vyd.]
Subjects:

MARC

LEADER 00000nam a2200000 a 4500
001 vtls008423371
003 SK-MaSNL
005 20260301021331.0
008 160610s2005 xo odl f 100 0 slo
015 |a SNBA2006/03-01274 
020 |a 8080733473 (brož.) 
035 |a 49246D8E-17CB-49B9-BB1D-C51DBE996976 
035 |a urn:nbn:sk:snk-amkpmw 
035 |a urn:nbn:sk:snk-am005f5w 
040 |a SNK  |b slo  |c SNK  |e AACR2 
041 0 |a slo  |a cze  |a eng 
044 |a xo  |c SK 
072 7 |a 691  |x Stavebné hmoty  |2 konspekt 
080 |a 691.32  |2 1997 
080 |a 691  |2 1997 
080 |a 620.1  |2 1997 
080 |a (063)  |2 1997 
080 |a 27-587.5-055.2  |2 1997 
111 2 |a Betón  |d (2005 :  |c Štrbské Pleso, Slovensko)  |9 82667 
245 1 0 |a Betón 2005  |b zborník prednášok z celoštátnej konferencie s medzinárodnou účasťou : 12. 10.-14. 10. 2005, Štrbské Pleso  |c [autori: kolektív] 
250 |a [1. vyd.] 
260 |a V Košiciach  |b Technická univerzita  |c 2005 
300 |a 174 s.  |b grafy, fotogr., sch., tab.  |c 21 cm 
500 |a Čiast. text čes. a angl. 
504 |a Bibliogr. odkazy 
506 |a 230 výtl. 
650 0 7 |a betón  |2 SNKPH  |9 1685 
650 0 7 |a stavebné materiály  |2 SNKPH  |9 31817 
650 0 7 |a skúšanie materiálov  |2 SNKPH  |9 4168 
655 7 |a zborníky konferencií  |2 SNKPH  |9 70153 
752 |a Slovensko  |d Košice 
919 |a 80-8073-347-3 
958 |a OND 
968 |d 66/69 
999 |c 565112  |d 567042 
952 |a SNK  |b SNK  |y PREZ  |7 0  |p 17A0494059  |o snkSC 122193  |i snk2006/575  |8 0  |0 0  |1 0  |4 0  |d 2006-01-11  |f 1  |l 0  |r 2025-06-03 00:00:00  |w 2026-02-23 
952 |a SNK  |b SNK  |y VYP  |7 0  |p 17A0494060  |o snkSC 122193 D1  |i snk2006/576  |8 0  |0 0  |1 0  |4 0  |d 2006-01-11  |l 0  |r 2026-02-23 13:55:23  |w 2026-02-23